000 01330naa a22003377a 4500
001 BR7406216
003 BR-BrBNA
005 20240918173655.0
007 ta
008 230509b bl.||||| |||| 00| 0 por d
040 _aBR-BrBNA
_bpor
_cBiblioteca Nacional de Agricultura
041 _a(Pt)
072 _aF30; H20
_b2120
_b4120
_bG514
090 _aF30 BR7406216
100 1 _aPaulino, A.J.
100 1 _aMonaco, L.C.
100 1 _aFazuoli, L.C.
111 1 _a2. Congresso Brasileiro sobre Pesquisas Cafeeiras
_cPocos de Caldas, MG (Brazil)
_d10 Sep 1974
245 1 _aAvaliacao de germoplasma de Coffea arabica com resistencia a racas de Hemileia vastatrix no Espirito Santo [ferrugem, cafe, Brasil]
260 3 _aRio de Janeiro, GB (Brasil):
_c1974.
500 _aResumos dos trabalhos apresentados no 2. Congresso Brasileiro sobre Pesquisas Cafeeiras Rio de Janeiro, GB (Brasil): 1974. p. 78-79 (BR7406216-AM)F30
650 _aGERMOPLASMA
650 _aFERRUGEM ALARANJADA
650 _aFUNGO
650 _aCAFE
650 _aVARIEDADE RESISTENTE
650 _aESPIRITO SANTO
773 0 _tResumos dos trabalhos apresentados no 2. Congresso Brasileiro sobre Pesquisas Cafeeiras
_wF30 BR7406216
_gRio de Janeiro, GB (Brasil), 1974. p. 78-79
909 _a202404
_bLucia
_c55
_dLucia Elande
942 _cAM
_2AGRIS
999 _c306119
_d306119